Community Quiz - Statistics

General Stats
  • This quiz has been taken 2,253 times
  • The average score is 15 of 20
Answer Stats
Hint Answer % Correct
Ex-lawyer Jeff Winger
99%
Robot Abed Nadir
98%
African-American geek Troy Barnes
97%
Nerd Annie Edison
95%
Spanish teacher Ben Chang
95%
Old guy Pierce Hawthorne
93%
Very Christian Shirley Bennett
92%
Anarchist/ activist Brita Perry
87%
The School Greendale Academy
84%
Special side-burns Starburns
82%
The monkey Annie's Boobs
79%
Really old guy Leonard Briggs
74%
"Pop-pop" Magnitude
72%
The dean Craig Pelton
64%
Dungeons & Dragons fan Fat Neil
60%
British Professor Ian Duncan
60%
Result of the darkest timeline Evil Abed
46%
Star Trek guest star LeVar Burton
36%
Vice Dean Robert Laybourne
24%
Acting Professor Sean Garrity
16%
No matching quizzes found
Score Distribution
Percent of People with Each Score
Percentile by Number Answered
Your Score History
You have not taken this quiz